Texas... or Bavaria? - Statistics

General Stats
  • This quiz has been taken 819 times
  • The average score is 5 of 12
Answer Stats
Question Answer % Correct
Has the highest crude oil production among the states of its respective country Texas
89%
Has at some point been a Soviet Republic Bavaria
87%
Has at some point been an independent country Both
66%
Is the southernmost of the contiguous states of its country Bavaria
61%
Is the biggest of the contiguous states of its country Both
48%
Is the second-most populous state of its country Both
44%
Has at some point at least in part belonged to France Texas
31%
Is the second-richest state of its country in terms of total GDP Both
30%
Has been the home state of at least one head of government of its respective country Texas
30%
Has at some point had an emperor as head of state Both
21%
Has the highest proportion of citizens in favor of secession among all states of its country (according to a recent YouGov poll) Bavaria
20%
Has been a conservative majority state in all federal-level elections since at least 1970 (relative majority; conservative refers to the one of the two major parties generally considered to be more conservative, i.e. Republicans in the USA and CDU/CSU in Germany) Bavaria
10%
No matching quizzes found
Score Distribution
Percent of People with Each Score
Percentile by Number Answered
Your Score History
You have not taken this quiz